000 00316nam a22001337a 4500
008 170616b xxu||||| |||| 00| 0 eng d
020 _a9780813322223
041 _aeng
080 _a94
100 _a16
101 _aSHH
245 _aISRAEL AND SYRIA: PEACE AND SECURITY ON THE GOLAN
_cSHALEV,A
942 _2udc
_cBK
999 _c17940
_d17940